000 00946nam a2200301 i 4500
001 198250
003 ES-MaACL
005 20260422160251.0
007 ta
008 260422s2014 mx a|||| |||| 001 0 spa d
040 _aES-MaACL
_bspa
_cES-MaACL
_erda
044 _amx
080 _a929 Crespo Weber, Ady
100 1 _aCrespo Weber, Ady
_4aut
_9243015
_eaut
245 1 0 _aYo y el exilio español /
_cAdy Crespo Weber
264 1 _aMéxico D.F. :
_bEl Colegio de México,
_c2014
300 _a126 páginas :
_bilustraciones (blanco y negro) ;
_c20 x 20 cm
336 _2rdacontent
_aTexto
_aimagen fija
337 _2rdamedia
_asin mediación
338 _2rdacarrier
_avolumen
500 _aRegistro provisional
500 _aÍndice
600 1 4 _aCrespo Weber, Ady
_9243015
852 _aES-MaACL
_cDES
_jDB-133
_hDonación: Manuel Guedán
_xEncuadernación rústica con solapas
942 _cMONOGRAFIA
_n0
999 _c198250
_d198250